书目信息 |
| 题名: |
宫殿
|
|
| 作者: | 韩扬 主编 ;北京市古代建筑研究所 编 | |
| 分册: | ||
| 出版信息: | 北京 北京美术摄影出版社 2014 |
|
| 页数: | 215页 | |
| 开本: | 25cm | |
| 丛书名: | 北京古建文化丛书 | |
| 单 册: | ||
| 中图分类: | TU , TU-8 | |
| 科图分类: | ||
| 主题词: | 宫殿--建筑艺术--北京 , 建筑艺术 | |
| 电子资源: | ||
| ISBN: | 978-7-80501-679-5 | |
| 000 | 01002oam2 2200301 450 | |
| 001 | 012015000167 | |
| 005 | 20151130143720.95 | |
| 010 | @a978-7-80501-679-5@dCNY78.00 | |
| 100 | @a20141124d2014 em y0chiy50 ea | |
| 101 | 0 | @achi |
| 102 | @aCN@b110000 | |
| 105 | @aa z 000yy | |
| 106 | @ar | |
| 200 | 1 | @a宫殿@Agong dian@f北京市古代建筑研究所编 |
| 210 | @a北京@c北京美术摄影出版社@d2014 | |
| 215 | @a215页@c图@d25cm | |
| 225 | 2 | @a北京古建文化丛书 |
| 314 | @a主编取自编委会名单 | |
| 330 | @a本书用文字、图纸和照片相结合的形式,展示与解读北京宫殿的历史、建筑艺术特色和文化内涵。内文包括北京地区古代宫殿的发展史及其建筑特色的概说,以及北京现存的宫殿建筑实例。 | |
| 410 | 0 | @12001 @a北京古建文化丛书 |
| 606 | 0 | @a宫殿@x建筑艺术@y北京 |
| 606 | 0 | @a建筑艺术 |
| 690 | @aTU@v5 | |
| 690 | @aTU-8@v4 | |
| 701 | 0 | @a韩扬@Ahan yang@4主编 |
| 712 | 02 | @a北京市古代建筑研究所@Abei jing shi gu dai jian zhu yan jiu suo@4编 |
| 801 | 0 | @aCN@b碧洲教育@c20151127 |
| 905 | @a10447@f3@dTU-8@e113 | |
| 宫殿/北京市古代建筑研究所编.-北京:北京美术摄影出版社,2014 |
| 215页:图;25cm.-(北京古建文化丛书) |
| ISBN 978-7-80501-679-5:CNY78.00 |
| 本书用文字、图纸和照片相结合的形式,展示与解读北京宫殿的历史、建筑艺术特色和文化内涵。内文包括北京地区古代宫殿的发展史及其建筑特色的概说,以及北京现存的宫殿建筑实例。 |
| ● |
| 相关链接 |
|
|
|
|
正题名:宫殿
索取号:TU-8/113
 
预约/预借
| 序号 | 登录号 | 条形码 | 馆藏地/架位号 | 状态 | 备注 |
| 1 | 0871506 | 208715069 | 第二样本阅览室/ [索取号:TU-8/113] | 在馆 | |
| 2 | 0871507 | 208715078 | 第三借阅区/ [索取号:TU-8/113] | 在馆 | |
| 3 | 0871508 | 208715087 | 第三借阅区/ [索取号:TU-8/113] | 在馆 |